000 00605nam a2200217 a 4500
001 BRCA_7002
005 20190320205656.0
008 231111s1919----nyu#######---#000-0#eng-#
041 _aeng
044 _anyu
050 4 _aHC57
_b.V36
_c1919
245 1 0 _aWhat happened to Europe
_cby Frank A. Vanderlip
260 _aNueva York
_bMacmillan
_c1919
300 _a188 p.
_c19 cm.
500 _aI164
650 1 4 _aGuerra Europea
_xaspectos económicos
_y1914-1918
_917424
650 1 4 _aGuerra Europea
_xFinanzas
_y1914-1918
_917425
700 1 _aVanderlip, Frank A.
_917426
902 _aGFM
942 _2lcc
_cB
999 _c6683
_d6683